| 000 | 01074aam a2200433a 44500 | ||
|---|---|---|---|
| 008 | 041210s2003 cat | ||
| 017 | _aB-52639-2003 | ||
| 020 | _a8483384221 | ||
| 041 | _acat | ||
| 041 | _blat | ||
| 041 | _bspa | ||
| 080 | _a582.4(038) | ||
| 100 |
_aLlistosella, Jaume _971957 |
||
| 245 | _aL'herbari: Arbres, arbusts i lianes | ||
| 245 | _cAntoni Sànchez-Cuxart | ||
| 245 | _cJaume Llistosella | ||
| 260 | _aBarcelona | ||
| 260 | _bEdicions de la Universitat de Barcelona | ||
| 260 | _c2003 | ||
| 300 |
_a222 p. _bil. _c31 cm |
||
| 365 | _b44.00 | ||
| 365 | _ceuros | ||
| 500 | _aBibliografia. Índex | ||
| 520 | _a193 | ||
| 546 | _acatalà | ||
| 591 | _a8659 | ||
| 592 | _aObra terminològica | ||
| 593 | _aDF | ||
| 594 | _a8659 | ||
| 650 |
_aarbres _963833 |
||
| 650 |
_aarbustos _969251 |
||
| 700 |
_aSànchez-Cuxart, Antoni _971958 |
||
| 901 | _ccop. <2003> | ||
| 902 | _a041210 | ||
| 942 |
_cMO _n0 |
||
| 999 |
_c63127 _d63127 |
||